000 00546nam a2200193Ia 4500
003 OSt
005 20240918144629.0
008 220927b |||||||| |||| 00| 0 eng d
020 _a8187471123
040 _aSDCL
_cSDCL
_beng
041 _2eng
_aeng
082 _aRxM721 P3
100 _aSingh, Satya Prakash
245 0 _aSri Aurobindo, Jung and Vedic Yoga.
260 _aNew Delhi:
_bStandard Prakashan,
_c2003.
300 _a423p.
_ccm.
942 _hRxM721 P3
_cTEXL
_2CC
999 _c733923
_d733923